000
00338 a2200157 4500
001
49142
040
_c
Anchieta - Bela Vista
100
_a
Ziraldo
240
1
0
_a
O planeta lilás
_l
por
245
1
0
_a
O planeta lilás
300
_a
30
362
0
_a
2000
440
1
_a
Melhoramentos
650
4
_a
Literatura infanto-juvenil
942
_c
BK
999
_c
49142
_d
49142